000 00746cam a2200241 a 4500
008
020 _a0273033751 (pbk. )
049 _aMAIN
090 _aHD30.4 CAM
100 1 _aCameron, Sheila.
245 1 4 _aThe MBA handbook :
_ban essential guide to effective study /
_cSheila Cameron.
260 _aLondon :
_bPitman,
_c1991.
300 _avii, 369 p. :
_bill. ;
_c25 cm.
504 _aIncludes bibliographical references.
500 _aIncludes index.
650 0 _aMaster of business administration degree.
650 0 _aManagement
_vHandbooks, manuals.
907 _a.b10241322
_b30-04-07
_c27-04-07
003
005 20230123134433.0
040 _cNUST
942 _cBOOKS
_kHD30.4 CAM
999 _c165906
_d165906